000 01415nam a22003737a 4500
003 CHAP
005 20220329143144.0
008 060905d2006 mx r 00110 spa d
010 _a92637
011 _a93609
035 _a104189
040 _cCHAP
090 _aTesis
100 1 _aRamírez García, Ponciano.
_994019
245 1 0 _aPeriodo y profundidad de emergencia, y banco de semillas de chayotillo (Sicyos deppei G. Don.) en Chapingo, Edo. de México
_c/por Ponciano Ramírez García
260 _aChapingo, Méx. :
_bEl autor,
_c2006.
300 _a31 h. :
_bgráfs.; cuadros.
502 _aTesis (Ing. Agr. Esp. en Parasitología Agrícola) - - UACH. Departamento de Parasitología Agrícola
590 _aALEPH
_b10
_c20130110
_lUCH01
_h1513
590 _aBATCH-UPD
_b10
_c20130110
_lUCH01
_h0119
590 _aBATCH-UPD
_b10
_c20130110
_lUCH01
_h1433
590 _aBATCH-UPD
_b10
_c20130409
_lUCH01
_h2113
590 _aBATCH-UPD
_b10
_c20130410
_lUCH01
_h0909
590 _aBATCH-UPD
_b10
_c20130914
_lUCH01
_h1952
590 _aCONVERSION
_b10
_c20130109
_lUCH01
_h1351
650 1 4 _aSemillas
_xAnálisis.
_9103878
650 1 4 _aSemillas
_xGerminación.
_9103903
650 1 4 _aSicyos deppei.
_9105804
901 _aBK
905 _aElisama A. H.
942 _cFOLL
949 _aTesis
_bBC
_cTES
_d00000000104189
_eTS1
_h45428
_i104189
_sb
949 _aTesis
_bBC
_cTES
_d33724000989950
_eTS2
_fc.2
_h45429
_i104189
_si
999 _c92637
_d92637